| 000 -LEADER |
| fixed length control field |
01172nam a22002297a 4500 |
| 005 - DATE AND TIME OF LATEST TRANSACTION |
| control field |
20240723110706.0 |
| 008 - FIXED-LENGTH DATA ELEMENTS--GENERAL INFORMATION |
| fixed length control field |
240723s2007 ge ||||| |||| 00| 0 ger d |
| 020 ## - INTERNATIONAL STANDARD BOOK NUMBER |
| International Standard Book Number |
9783825229269 |
| 041 ## - LANGUAGE CODE |
| Language code of text/sound track or separate title |
ger |
| 080 ## - UNIVERSAL DECIMAL CLASSIFICATION NUMBER |
| Universal Decimal Classification number |
821.112.2.092 D-74 |
| 100 ## - MAIN ENTRY--PERSONAL NAME |
| Personal name |
Dörr, Volker C., 1966- |
| 9 (RLIN) |
22900 |
| 245 ## - TITLE STATEMENT |
| Title |
Weimarer Klassik / |
| Statement of responsibility, etc. |
Volker C. Dörr ; ed. Eke, Norbert Otto, |
| 264 ## - PRODUCTION, PUBLICATION, DISTRIBUTION, MANUFACTURE, AND COPYRIGHT NOTICE |
| Place of production, publication, distribution, manufacture |
Wilhelm Fink: |
| Name of producer, publisher, distributor, manufacturer |
Paderborn, |
| Date of production, publication, distribution, manufacture, or copyright notice |
2007. |
| 300 ## - PHYSICAL DESCRIPTION |
| Extent |
238, [2] p. : |
| Other physical details |
ill. ; |
| Dimensions |
22 cm. |
| 440 ## - SERIES STATEMENT/ADDED ENTRY--TITLE |
| Title |
Literaturwissenschaft elementar / Hrsg. von Norbert Otto Eke UTB ; 2926 |
| 9 (RLIN) |
22901 |
| 500 ## - GENERAL NOTE |
| General note |
შენიშვნები: გვ. 209–235. |
| 505 ## - FORMATTED CONTENTS NOTE |
| Formatted contents note |
საძიებელი: გვ. 236–238. |
| 653 ## - INDEX TERM--UNCONTROLLED |
| keyword |
Bellettrie Criticism, interpretation, etc Deutsch Duits Geschichte 1786-1805 |
| 653 ## - INDEX TERM--UNCONTROLLED |
| keyword |
თარგმანები ქართულ ენაზე -- 1772-1805 წწ. გერმანელი მწერლები. გოეთე, იოჰან ვოლფგანგ, 1749-1832 წწ. შილერი, ფრიდრიხ, 1759-1805 წწ. |
| 700 ## - ADDED ENTRY--PERSONAL NAME |
| Personal name |
Norbert Otto, Eke |
| Relator term |
რედაქტორი |
| 9 (RLIN) |
22902 |
| 942 ## - ADDED ENTRY ELEMENTS (KOHA) |
| Source of classification or shelving scheme |
|
| Koha item type |
წიგნი |